[Event "Tatry op"]
[Site "Tatranska Lomnica"]
[Date "1998.??.??"]
[Round "2"]
[White "Mrva, Martin"]
[Black "Felcir, Jaroslav"]
[Result "1-0"]
[WhiteElo "2445"]
[BlackElo "2195"]

1.d4 Nf6 2.c4 g6 3.Nc3 Bg7 4.e4 d6 5.Nf3 O-O 6.Be2 Nbd7 7.O-O e5 8.d5 a5
9.Be3 Ng4 10.Bg5 f6 11.Bh4 Nh6 12.Nd2 g5 13.Bg3 Nc5 14.a3 a4 15.b4 axb3 16.Nxb3 Nxb3
17.Qxb3 f5 18.f3 f4 19.Bf2 b6 20.h3 Nf7 21.a4 h5 22.a5 bxa5 23.c5 g4 24.fxg4 hxg4
25.Bxg4 Bxg4 26.hxg4 Qg5 27.Nb5 Qxg4 28.Qf3 Qd7 29.c6 Qe7 30.Qh5 Nh6 31.Ra3 a4
32.Bh4 Qf7 33.Qxf7+ Rxf7 34.Rfa1 Ra5 35.Rb1 Ra8 36.Rb4 Ng4 37.Rbxa4 Rxa4
38.Rxa4 Bf6 39.Ra8+ Rf8 40.Rxf8+ Kxf8 41.Bf2 Bd8 42.Kf1 Kf7 43.Ke2 Kg6 44.Be1 Kf7
45.Ba5 Ke7 46.Bxc7 Bxc7 47.Nxc7 Nf6 48.Kf3 Nh7 49.Ke2 Nf6 50.Kf3 Nh7 51.Ne6 Nf6
52.Ng7 Kd8 53.Nf5 Kc7 54.g3 fxg3 55.Nxg3 Kd8 56.Ne2 Ke7 57.Nc3 Nh7 58.Kg4 Nf6+
59.Kg5 Ne8 60.Nb5 Kd8 61.Kf5 Ke7 62.Kg6  1-0

[Event "Tatry op"]
[Site "Tatranska Lomnica"]
[Date "1998.??.??"]
[Round "2"]
[White "Jedlicka, Ales"]
[Black "Sergeev, Vladimir"]
[Result "1-0"]
[WhiteElo "2190"]
[BlackElo "2440"]

1.d4 Nf6 2.c4 d6 3.Nc3 Nbd7 4.e4 e5 5.Nf3 g6 6.Be2 Bg7 7.O-O O-O 8.Be3 c6
9.Qc2 a6 10.Rfd1 Qe7 11.d5 c5 12.a3 Ng4 13.Bg5 f6 14.Bh4 h5 15.Nd2 Nh6 16.f3 b6
17.b4 g5 18.Bf2 f5 19.Na4 f4 20.bxc5 bxc5 21.Rab1 g4 22.Nb6 Nxb6 23.Rxb6 Kh8
24.Rdb1 Rg8 25.Qa4 Nf7 26.Qc6 Ra7 27.Rb8 Qc7 28.R1b6 Bf6 29.Bxc5 gxf3 30.Bxf3 Qxc6
31.Rxc6 dxc5 32.Rxf6 Bg4 33.Rbb6 Ng5 34.Rg6 Rag7 35.Rxg7 Kxg7 36.h4 Bxf3
37.gxf3 Nf7 38.Nb3 Nh8 39.Nxc5 Ng6 40.Nd3 Nxh4 41.Nxe5 Re8 42.d6 Rxe5 43.d7 Rg5+
44.Kf1 Ng2 45.d8=Q Ne3+ 46.Ke2  1-0

[Event "Tatry op"]
[Site "Tatranska Lomnica"]
[Date "1998.??.??"]
[Round "3"]
[White "Ostrowski, Leszek"]
[Black "Jedlicka, Ales"]
[Result "1-0"]
[WhiteElo "2340"]
[BlackElo "2190"]

1.Nf3 Nf6 2.c4 g6 3.Nc3 Bg7 4.e4 d6 5.d4 O-O 6.Be2 e5 7.O-O Na6 8.Be3 Qe8
9.dxe5 dxe5 10.c5 Ng4 11.Bxa6 Nxe3 12.fxe3 bxa6 13.Nd5 Qd8 14.Qa4 Rb8 15.b3 Rb5
16.c6 Kh8 17.Rad1 Rb8 18.Qa5 Rb5 19.Qa3 Qd6 20.Qxd6 cxd6 21.Nc7 Rc5 22.Rxd6 Bh6
23.Nd5 Be6 24.Nxe5 Bxd5 25.Rxd5 Bxe3+ 26.Kh1 Rc2 27.Nc4 Bb6 28.a4 Rc8 29.a5 Bf2
30.Rd6 Bc5 31.Rdf6 Bd4 32.e5 Rc7 33.g3 Kg7 34.Rxf7+  1-0

[Event "Tatry op"]
[Site "Tatranska Lomnica"]
[Date "1998.??.??"]
[Round "4"]
[White "Skreno, Vladimir"]
[Black "Sergeev, Vladimir"]
[Result "0-1"]
[WhiteElo "2165"]
[BlackElo "2440"]

1.d4 Nf6 2.c4 d6 3.Nc3 Nbd7 4.Nf3 e5 5.e4 g6 6.Be2 Bg7 7.O-O O-O 8.d5 h6
9.Ne1 Nh7 10.f3 f5 11.g4 Ng5 12.Nd3 h5 13.Nf2 hxg4 14.fxg4 f4 15.Bf3 Nxf3+
16.Qxf3 Bf6 17.Bd2 Bh4 18.Kg2 Nf6 19.h3 Rf7 20.Rh1 Nh7 21.Rag1 Ng5 22.Qd3 Rh7
23.Ncd1 b5 24.c5 b4 25.Bxb4 a5 26.Qa3 Ba6 27.Bxa5 Be2 28.cxd6 Qf8 29.Re1 f3+
30.Kg1 cxd6 31.Nc3 Bxf2+ 32.Kxf2 Nxh3+ 33.Rxh3 Rxh3 34.Nxe2 fxe2+  0-1

[Event "Tatry op"]
[Site "Tatranska Lomnica"]
[Date "1998.??.??"]
[Round "5"]
[White "Mrva, Martin"]
[Black "Belunek, Vladimir"]
[Result "1-0"]
[WhiteElo "2445"]
[BlackElo "2255"]

1.d4 Nf6 2.c4 g6 3.Nc3 Bg7 4.e4 d6 5.Nf3 O-O 6.Be2 e5 7.d5 Nbd7 8.Be3 a5
9.Nd2 Ne8 10.O-O f5 11.f3 f4 12.Bf2 h5 13.Na4 b6 14.a3 g5 15.b4 axb4 16.axb4 Rf7
17.c5 bxc5 18.bxc5 Bf8 19.c6 Ndf6 20.Qb3 g4 21.Bh4 Be7 22.Nc3 Rxa1 23.Rxa1 gxf3
24.Bxf3 Ng4 25.Bxe7 Qxe7 26.Nf1 Qh4 27.Nd1 Ngf6 28.Nf2 Bg4 29.Ra8 Kf8 30.h3 Bxf3
31.Qxf3 Nh7 32.Qb3 Nf6 33.Qd1 Rg7 34.Ra3 Qg5 35.Qf3 Ke7 36.Nd1 Qg6 37.Nd2 Nh7
38.Qe2 Ng5 39.h4 f3 40.Rxf3 Nxf3+ 41.Qxf3 Qg4 42.Ne3 Qxf3 43.Nxf3 Kf6 44.Kf2 Rg8
45.Ng5 Ng7 46.g4 hxg4 47.Kg3 Kg6 48.Kxg4 Rf8 49.Nf5 Nxf5 50.exf5+ Kh6 51.Ne6 Rg8+
52.Kf3 Rc8 53.Ke4 Kh5 54.Kd3 Kh6 55.Kc4 Kh5 56.Kb5 Rb8+ 57.Ka6 e4 58.Nxc7 e3
59.Ne6 Kxh4 60.Nd4 Kg5 61.c7 Rh8 62.Kb7 Kf6 63.Nc2 Kxf5  1-0

[Event "Tatry op"]
[Site "Tatranska Lomnica"]
[Date "1998.??.??"]
[Round "6"]
[White "Jedlicka, Ales"]
[Black "Dobrovolsky, Ladislav"]
[Result "1/2-1/2"]
[WhiteElo "2190"]
[BlackElo "2390"]

1.d4 Nf6 2.c4 d6 3.Nf3 Nbd7 4.Nc3 e5 5.e4 g6 6.Be2 Bg7 7.O-O O-O 8.Qc2 h6
9.Rd1 Nh7 10.dxe5 dxe5 11.Be3 c6 12.Qc1 h5 13.c5 Qe7 14.Nd2 Ndf6 15.f3 h4
16.Nc4 Nh5 17.Nd6 Be6 18.Bc4 Bxc4 19.Nxc4 Nf4 20.Nd6 Ne6 21.Ne2 Rab8 22.h3 Nf6
23.b4 Nh5 24.Rb1 Ng3 25.Qd2 Rfd8 26.Nxg3 hxg3 27.Qe1 Nd4 28.Bxd4 exd4 29.f4 Qh4
30.Qd2 b6 31.e5 g5 32.Nf5 Qxf4 33.Ne7+ Kf8 34.Nxc6 Qxd2 35.Rxd2 bxc5 36.Nxd8 Rxd8
37.bxc5 Bxe5 38.Kf1 Rd5 39.Rb5 d3 40.Rb3 Rxc5 41.Rbxd3 Bf4 42.Rd1 Kg7 43.Rf3 Kg6
44.h4 f6 45.hxg5 Kxg5 46.Rd4 Be5 47.Rd2 Bf4 48.Rb2 Be5 49.Rd2 Bf4 50.Rb2 Be5
51.Rd2  1/2-1/2

[Event "Tatry op"]
[Site "Tatranska Lomnica"]
[Date "1998.??.??"]
[Round "7"]
[White "Veselsky, Jozef"]
[Black "Kundrik, Peter"]
[Result "1-0"]
[WhiteElo "2275"]
[BlackElo "2130"]

1.d4 Nf6 2.Nf3 g6 3.c4 Bg7 4.Nc3 d6 5.e4 O-O 6.Be2 e5 7.dxe5 dxe5 8.Qxd8 Rxd8
9.Bg5 Re8 10.Nd5 Nxd5 11.cxd5 c6 12.Bc4 cxd5 13.Bxd5 Nc6 14.O-O-O Bg4 15.Kb1 Rac8
16.Be3 Bxf3 17.gxf3 Rc7 18.Rc1 Rec8 19.Rhd1 Nd4 20.Bxb7 Rxc1+ 21.Rxc1 Rxc1+
22.Kxc1 Kf8 23.Kd2 Ke7 24.Kd3 f5 25.f4 Nb5 26.Bc6 exf4 27.Bc5+ Nd6 28.exf5 Bxb2
29.fxg6 hxg6 30.Bxa7 Ba3 31.Kc3 g5 32.h3 Nf7 33.Kd4 Kd6 34.Bf3 Nd8 35.Bd5 Bb2+
36.Ke4 f3 37.Bd4  1-0

[Event "Tatry op"]
[Site "Tatranska Lomnica"]
[Date "1998.??.??"]
[Round "9"]
[White "Belunek, Vladimir"]
[Black "Kundrik, Peter"]
[Result "1/2-1/2"]
[WhiteElo "2255"]
[BlackElo "2130"]

1.d4 Nf6 2.c4 g6 3.Nc3 Bg7 4.e4 d6 5.Be2 O-O 6.Nf3 e5 7.O-O Nbd7 8.Re1 Re8
9.d5 Nc5 10.Bf1 a5 11.b3 b6 12.Qc2 Nh5 13.Bg5 f6 14.Bh4 g5 15.Bg3 Rf8 16.Nd2 f5
17.exf5 Bxf5 18.Nde4 Nf6 19.Bd3 Nxd3 20.Qxd3  1/2-1/2

[Event "Tatry op"]
[Site "Tatranska Lomnica"]
[Date "1998.??.??"]
[Round "9"]
[White "Banas, Jan"]
[Black "Zambor, Norbert"]
[Result "1-0"]
[WhiteElo "2425"]
[BlackElo "2280"]

1.c4 Nf6 2.Nc3 g6 3.e4 d6 4.d4 Bg7 5.Be2 O-O 6.Nf3 e5 7.d5 h6 8.Nd2 Ne8 9.b4 f5
10.O-O Nd7 11.c5 Ndf6 12.f3 f4 13.Nc4 Rf7 14.a4 g5 15.g4 fxg3 16.hxg3 Nh7
17.Be3 h5 18.cxd6 cxd6 19.Nb5 a6 20.Nb6 Bh3 21.Nxa8 Bxf1 22.Bxf1 Qxa8 23.Na3 Qc8
24.Rc1 Rc7 25.Nc4 g4 26.Bb6 Ng5 27.fxg4 hxg4 28.Bxc7 Qxc7 29.Qxg4 Nf7 30.Qe6 b5
31.Qxe8+  1-0

[Event "Techirghiol"]
[Site "Techirghiol"]
[Date "1998.??.??"]
[Round "?"]
[White "Bogdan, Dan"]
[Black "Moraru, Marius"]
[Result "1/2-1/2"]
[WhiteElo "2400"]
[BlackElo "2420"]

1.d4 Nf6 2.c4 g6 3.Nc3 Bg7 4.e4 d6 5.Nf3 O-O 6.Be2 e5 7.Be3 Ng4 8.Bg5 f6
9.Bd2 Nc6 10.d5 Ne7 11.O-O h5 12.Ne1 Nh6 13.Nd3 h4 14.b4 h3 15.g3 f5 16.c5 f4
17.g4  1/2-1/2

[Event "Techirghiol"]
[Site "Techirghiol"]
[Date "1998.??.??"]
[Round "?"]
[White "Glodeanu, Ion"]
[Black "Moraru, Marius"]
[Result "1/2-1/2"]
[WhiteElo "2355"]
[BlackElo "2420"]

1.Nf3 Nf6 2.c4 g6 3.Nc3 Bg7 4.e4 d6 5.d4 O-O 6.Be2 e5 7.dxe5 dxe5 8.Qxd8 Rxd8
9.Bg5 Re8 10.Nd5 Nxd5 11.cxd5 c6 12.Bc4 b5 13.Bb3 Bb7 14.Rc1  1/2-1/2

[Event "Tel Aviv sim"]
[Site "Tel Aviv"]
[Date "1998.??.??"]
[Round "3"]
[White "Lautier, Joel"]
[Black "Bitansky, Igor"]
[Result "1-0"]
[WhiteElo "2645"]
[BlackElo "2235"]

1.d4 Nf6 2.c4 g6 3.Nc3 Bg7 4.e4 d6 5.Nf3 O-O 6.Be2 e5 7.Be3 c6 8.d5 h6 9.O-O Nh5
10.g3 f5 11.Nh4 Nf4 12.Bxf4 exf4 13.Nxg6 fxg3 14.hxg3 Re8 15.exf5 Bxf5 16.Bd3 Qg5
17.Bxf5 Qxf5 18.Nh4 Qh3 19.Ne2 Qg4 20.Nf4 Qxd1 21.Raxd1 Bxb2 22.Ne6 Na6 23.Nf5 cxd5
24.cxd5 Ba3 25.Kg2 Kh7 26.Rh1 Kg6 27.g4 Rh8 28.Rd3 Bb4 29.Rdh3 Kf6 30.f4 h5
31.Rxh5 Rxh5 32.Rxh5 Rg8 33.Kf3 Nc5 34.Rh6+ Kf7 35.Nxd6+ Ke7 36.Nf5+ Kf7
37.Ng5+ Ke8 38.Rh7 Nd3 39.Rxb7 Rg6 40.Rxa7 Nxf4 41.Kxf4 Bd2+ 42.Ke4 Rxg5
43.Ng7+  1-0

[Event "ROM-chT"]
[Site "Timisu de Sus"]
[Date "1998.??.??"]
[Round "2"]
[White "Atalik, Suat"]
[Black "Fedorov, Alexei"]
[Result "1/2-1/2"]
[WhiteElo "2585"]
[BlackElo "2600"]

1.d4 Nf6 2.c4 g6 3.Nc3 Bg7 4.e4 d6 5.Be2 O-O 6.Nf3 e5 7.dxe5 dxe5 8.Qxd8 Rxd8
9.Bg5 Rf8 10.Nxe5 Nxe4 11.Nxe4 Bxe5 12.O-O-O Nc6 13.Nf6+ Kg7 14.Ng4 Bxg4
15.Bxg4 Bf6 16.Bxf6+ Kxf6 17.Bf3 Rad8 18.Bxc6 bxc6 19.Kc2 c5 20.Kc3 Rd6 21.Rhe1 Rfd8
22.Rxd6+ cxd6 23.Re2 Rb8 24.Re3 h5 25.Rf3+ Ke6 26.Re3+ Kf6 27.Rf3+  1/2-1/2

[Event "ROM-chT"]
[Site "Timisu de Sus"]
[Date "1998.??.??"]
[Round "2"]
[White "Olarasu, Gabriela"]
[Black "Vasiesiu, Cristina"]
[Result "1-0"]
[WhiteElo "2325"]
[BlackElo "2195"]

1.d4 Nf6 2.Nf3 g6 3.c4 Bg7 4.Nc3 O-O 5.e4 d6 6.Be2 e5 7.O-O Na6 8.Re1 c6
9.Bf1 Bg4 10.d5 Nb4 11.Be2 a5 12.h3 Bc8 13.Bg5 h6 14.Be3 c5 15.a3 Na6 16.Nh2 Ne8
17.Qd2 Kh7 18.f4 f5 19.Nf3 Qf6 20.fxe5 dxe5 21.exf5 gxf5 22.Rf1 Nd6 23.Rae1 Kh8
24.Qc2 f4 25.Bf2 Bf5 26.Bd3 Nxc4 27.Ne4 Bxe4 28.Rxe4 b5 29.Bxc4 bxc4 30.Nxe5 Qf5
31.Nxc4 Rad8 32.d6 f3 33.g4 Qg6 34.Rfe1 Bd4 35.Qd2 Bxf2+ 36.Kxf2 Qf6 37.Qc3 Qxc3
38.bxc3 Nb8 39.R1e3 Kg7 40.Re7+ Kg6 41.R3e6+ Kg5 42.Kg3  1-0

[Event "ROM-chT"]
[Site "Timisu de Sus"]
[Date "1998.??.??"]
[Round "3"]
[White "Grigore, George"]
[Black "Nevednichy, Vladislav"]
[Result "0-1"]
[WhiteElo "2475"]
[BlackElo "2545"]

1.d4 Nf6 2.c4 g6 3.Nc3 Bg7 4.e4 d6 5.Be2 O-O 6.Nf3 Nbd7 7.O-O e5 8.Re1 Re8
9.Bf1 a6 10.d5 a5 11.Rb1 Nc5 12.b3 Bd7 13.a3 a4 14.b4 Nb3 15.Nd2 Nxc1 16.Rxc1 Bh6
17.c5 dxc5 18.bxc5 Ra5 19.Ncb1 Bf8 20.c6 bxc6 21.dxc6 Be6 22.Bc4 Qa8 23.Re3 Rc5
24.Rec3 Rxc6 25.Bxe6 Rexe6 26.Rc4 Bh6 27.R1c3 Rxc4 28.Rxc4 Rc6 29.Qc2 Rxc4
30.Qxc4 Qd8 31.Qc2 Qd4 32.Kf1 Bxd2 33.Nxd2 Ng4 34.Nf3 Qa1+ 35.Ke2 Qxa3 36.Qxc7 Qb2+
37.Nd2 a3  0-1

[Event "ROM-chT"]
[Site "Timisu de Sus"]
[Date "1998.??.??"]
[Round "4"]
[White "Apostoae, Liliana"]
[Black "Ionica, Iulia"]
[Result "0-1"]
[WhiteElo "2065"]
[BlackElo "2195"]

1.Nf3 Nf6 2.c4 g6 3.Nc3 Bg7 4.e4 d6 5.d4 O-O 6.Be2 e5 7.O-O exd4 8.Nxd4 Re8
9.f3 Nc6 10.Be3 Nh5 11.Qd2 Nf4 12.Bxf4 Nxd4 13.Bd3 Be6 14.Rad1 a6 15.b3 Qd7
16.Be3 Nc6 17.f4 f5 18.Nd5 Ne7 19.Qc2 Nxd5 20.cxd5 Bxd5 21.Bxa6 Rxa6 22.Rxd5 Rxe4
23.Bc1 Qe6 24.Rdd1 Rc6 25.Qd3 Rd4 26.Qf3 Re4 27.Bd2 Rc2 28.Be1 Ree2 29.Bf2 Qe4
30.Qxe4 Rxe4 31.g3 Rxa2 32.Rc1 Re7 33.Rc4 Rb2 34.Rb4 b6 35.Re1 Ree2 36.Rf1 Rec2
37.Ra4 Rxb3 38.Ra8+ Kf7 39.Re1 Bc3 40.Rd1 Rbb2 41.Rc8 Bf6 42.Be3 d5 43.Kf1 d4
44.Bg1 d3 45.Be3 c5 46.Rc7+ Be7 47.Re1 Re2  0-1

[Event "RUS-Cup07"]
[Site "Tomsk"]
[Date "1998.??.??"]
[Round "1"]
[White "Kirillov, Igor"]
[Black "Kalashnikov, Konstantin"]
[Result "0-1"]
[WhiteElo "2145"]
[BlackElo "2405"]

1.d4 Nf6 2.c4 g6 3.Nc3 Bg7 4.e4 O-O 5.Nf3 d6 6.Be2 e5 7.d5 a5 8.Bg5 h6 9.Bh4 Na6
10.Nd2 Qe8 11.a3 Bd7 12.b3 Nh7 13.Rb1 h5 14.f3 Bh6 15.Bf2 Qe7 16.b4 axb4
17.axb4 h4 18.c5 dxc5 19.bxc5 Nxc5 20.Nc4 Na4 21.d6 Qg5 22.Nxa4 Bxa4 23.Qd5 c6
24.Qxe5 Bc2 25.O-O Bxb1 26.Qxg5 Bxg5 27.Rxb1 b5 28.Ne5 Ra2 29.Bf1 Bf4 30.Nxc6 Bxd6
31.e5 Bc7 32.Rxb5 h3 33.Rb7 Bd8 34.f4 Rc2 35.Nb4 Rb2 36.Bc5 Ba5 37.Bc4 Bxb4
38.Bxb4 Rc8 39.e6 Rxg2+ 40.Kf1 Rxc4 41.f5 fxe6 42.fxe6  0-1

[Event "BCF-ch"]
[Site "Torquay"]
[Date "1998.??.??"]
[Round "3"]
[White "Beaumont, Chris"]
[Black "Buckley, Graeme"]
[Result "0-1"]
[WhiteElo "2335"]
[BlackElo "2315"]

1.Nf3 Nf6 2.c4 g6 3.Nc3 Bg7 4.d4 O-O 5.e4 d6 6.Be2 e5 7.O-O Nh5 8.g3 Bh3
9.Re1 exd4 10.Nxd4 Nf6 11.Bf3 Nbd7 12.Bg2 Bxg2 13.Kxg2 Re8 14.Bf4 Nc5 15.f3 Nfd7
16.b4 Bxd4 17.Qxd4 Ne6 18.Qd2 Nxf4+ 19.gxf4 a5 20.a3 Nf8 21.Nb5 Ne6 22.f5 Ng7
23.fxg6 hxg6 24.c5 Re5 25.a4 dxc5 26.Qxd8+ Rxd8 27.f4 Rd2+ 28.Kf3 Rh5 29.bxa5 Rh3+
30.Kg4 Rdxh2 31.Rg1 f5+ 32.exf5 gxf5+ 33.Kg5 Kf7  0-1

[Event "Trinec op9798"]
[Site "Trinec"]
[Date "1998.??.??"]
[Round "?"]
[White "Bakalarz, Mieczyslaw"]
[Black "Antoniewski, Rafal"]
[Result "1/2-1/2"]
[WhiteElo "2265"]
[BlackElo "2405"]

1.d4 Nf6 2.c4 g6 3.Nc3 Bg7 4.e4 d6 5.Nf3 O-O 6.Be2 e5 7.dxe5 dxe5 8.Qxd8 Rxd8
9.Bg5 Re8 10.Nd5 Nxd5 11.cxd5 c6 12.Bc4 b5 13.Bb3 Bb7 14.Rc1 Rc8 15.Be7 h6
16.Ke2 Nd7 17.dxc6 Bxc6 18.Rhd1 Nb6 19.Ke3 Be8 20.Bd6 a5 21.Bxe5 Bf8 22.Bd4 Nc4+
23.Bxc4 bxc4 24.Ne5 Bb5 25.Ng4 f5 26.Ne5 Kh7 27.exf5 gxf5 28.g4 fxg4 29.Nxg4 Re8+
30.Ne5 Bg7 31.f4 a4 32.a3 Rad8 33.Bc3 Bxe5 34.Bxe5 Kg6 35.Rd4 Kf5 36.Rcd1 Rxd4
37.Rxd4 Re6 38.Rd5 Be8 39.Rc5 Bf7 40.Rc7 Be8 41.Rxc4 h5 42.Rc7 Rc6 43.Re7 Re6
44.Rg7 Rg6 45.Re7 Re6 46.Rh7 Rc6 47.Rh8 Re6 48.Kd4 Re7 49.Rg8 Bg6 50.Kc5 Bf7
51.Rg5+ Ke4 52.Rg7 Rb7 53.h4 Kf5 54.Kc6 Ra7 55.Kb6 Rd7 56.Kb5 Ra7 57.Kb4 Ke4
58.Rh7 Rb7+ 59.Ka5 Kf5 60.Ka6 Rd7 61.Ka5 Ra7+ 62.Kb6 Rd7 63.Kc6 Ra7 64.Bc7 Kg6
65.Rh8 Bc4 66.Rf8 Bd3 67.f5+ Kg7 68.Rb8 Kf6 69.Rh8 Be4+ 70.Kd6 Ra6+ 71.Kc5 Rc6+
72.Kd4 Bxf5 73.Be5+ Kg6 74.Rg8+ Kf7 75.Ra8 Bc2 76.Kd5 Rb6 77.Ra7+ Kg6 78.Rg7+ Kh6
79.Rg5 Rg6 80.b4 axb3 81.Rxg6+ Kxg6 82.Kc4 Kf5 83.Bg7 Kg4  1/2-1/2

[Event "Trinec op9798"]
[Site "Trinec"]
[Date "1998.??.??"]
[Round "?"]
[White "Henc, Renata"]
[Black "Karlik, Vladimir"]
[Result "0-1"]
[WhiteElo "2135"]
[BlackElo "2360"]

1.d4 g6 2.c4 Bg7 3.Nc3 d6 4.e4 Nf6 5.Nf3 O-O 6.Be2 e5 7.d5 Na6 8.Bg5 h6 9.Bh4 c5
10.Nd2 Nc7 11.O-O Qe8 12.a3 Bd7 13.b4 b6 14.Rb1 Nh7 15.bxc5 bxc5 16.Rb7 Qc8
17.Qb3 Bf6 18.Bxf6 Nxf6 19.f4 Nfe8 20.Nf3 exf4 21.e5 dxe5 22.Ne4 Bf5 23.Nxc5 Nxd5
24.Nd7 Bxd7 25.cxd5 Nd6 26.Rb4 Qc5+ 27.Kh1 Rfe8 28.Re1 a5 29.Rb6 Ne4 30.h3 Qf2
31.Bd3 Ng3+ 32.Kh2 e4 33.Rf6 exf3 34.Rg1 Re1  0-1

[Event "Trinec op9798"]
[Site "Trinec"]
[Date "1998.??.??"]
[Round "?"]
[White "Shtyrenkov, Veniamen"]
[Black "Gazik, Igor"]
[Result "1-0"]
[WhiteElo "2460"]
[BlackElo "2395"]

1.d4 Nf6 2.c4 g6 3.Nc3 Bg7 4.e4 d6 5.Be2 O-O 6.Nf3 e5 7.O-O Nbd7 8.Qc2 c6
9.Rd1 Qe7 10.d5 Nc5 11.b4 Na6 12.Rb1 cxd5 13.cxd5 Bd7 14.Qb3 Nh5 15.g3 f5
16.Ng5 Nc7 17.exf5 Bxf5 18.Nge4 Nf6 19.Bg5 h6 20.Nxf6+ Bxf6 21.Bxh6 Rf7 22.Be3 Bg5
23.Bxg5 Qxg5 24.Bd3 Raf8 25.Rb2 Bg4 26.Re1 Bf3 27.Be4 Rh7 28.Re3 Qh5 29.Rxf3 Rxf3
30.Bxf3 Qxf3 31.Qc4 Ne8 32.Ne4 Rc7 33.Nd2 Qd1+ 34.Qf1 Qg4 35.Rb1 Qd4 36.Rd1  1-0

[Event "Trinec op9798"]
[Site "Trinec"]
[Date "1998.??.??"]
[Round "?"]
[White "Henc, Renata"]
[Black "Novak, Pavel"]
[Result "1-0"]
[WhiteElo "2135"]
[BlackElo "2215"]

1.d4 Nf6 2.Nf3 g6 3.c4 Bg7 4.Nc3 O-O 5.e4 d6 6.Be2 e5 7.d5 Nbd7 8.Bg5 h6
9.Bh4 g5 10.Bg3 Nh5 11.h4 g4 12.Nh2 Nxg3 13.fxg3 h5 14.O-O a5 15.Rf5 Nf6
16.Rf2 Ne8 17.Bd3 Bh6 18.Nf1 c6 19.Qc2 Bd7 20.Re1 Rc8 21.Qe2 Qb6 22.Kh2 f6
23.Nd1 Ng7 24.Nfe3 Rf7 25.dxc6 bxc6 26.c5 Qxc5 27.Bc4 Be6 28.Bxe6 Nxe6 29.Nxg4 Bg7
30.Nge3 Nd4 31.Qxh5 d5 32.Ng4 Rcf8 33.Qg6 Kh8 34.Nxe5  1-0

[Event "Trinec op9798"]
[Site "Trinec"]
[Date "1998.??.??"]
[Round "?"]
[White "Hanko, Pavel"]
[Black "Karlik, Vladimir"]
[Result "1-0"]
[WhiteElo "2175"]
[BlackElo "2360"]

1.d4 Nf6 2.Nf3 g6 3.c4 Bg7 4.Nc3 O-O 5.e4 d6 6.Be2 e5 7.O-O Na6 8.Re1 c6
9.Bf1 exd4 10.Nxd4 Ng4 11.h3 Qb6 12.hxg4 Qxd4 13.Be3 Qe5 14.Qf3 Nc5 15.Bf4 Qe7
16.Rad1 Be5 17.Qg3 f6 18.g5 fxg5 19.Qxg5 Qf7 20.Bg3 Ne6 21.Qe3 Nf4 22.Rd2 c5
23.Nd5 g5 24.b4 b6 25.a4 Be6 26.a5 Bd4 27.Rxd4 cxd4 28.Qxd4 Bxd5 29.exd5 bxa5
30.bxa5 Qg7 31.Qd2 Rab8 32.Rc1 Rbc8 33.Qb4 Rc5 34.a6 Qd4 35.Rb1 Qf6 36.Qd2 Nh5
37.Rb3 Nf4 38.Rb7 Rf7 39.Qe3 Rcc7 40.Rb5 Rfe7 41.Qd2 Re4 42.f3 Ree7 43.Rb8+ Kf7
44.Bf2 Qf5 45.c5 Qe5 46.Qc2 Kg7 47.Qd2 Kh6 48.Rd8 Rcd7 49.Rxd7 Rxd7 50.c6 Re7
51.Bc4 Qa1+ 52.Kh2 Ng6 53.Bd4 Qa4 54.Bf6 Re5 55.Bxe5 Nxe5 56.Be2 Qa3 57.Qc2 Qe3
58.c7 Qf2 59.Qc1  1-0

[Event "POL-ch U20"]
[Site "Trzebinia"]
[Date "1998.??.??"]
[Round "11"]
[White "Miton, Kamil"]
[Black "Szelag, Marcin"]
[Result "1-0"]
[WhiteElo "2375"]
[BlackElo "2350"]

1.d4 Nf6 2.c4 g6 3.Nc3 Bg7 4.e4 d6 5.Be2 O-O 6.Nf3 e5 7.O-O Na6 8.Bg5 h6
9.Bh4 Qe8 10.Bxf6 Bxf6 11.c5 Nb4 12.dxe5 dxe5 13.a3 Nc6 14.Nd5 Qd8 15.Qc1 Bg7
16.Rd1 Nd4 17.Nxd4 exd4 18.Qf4 f5 19.Bc4 Kh7 20.e5 Be6 21.Rxd4 Bxd5 22.Rxd5 Qe7
23.Rad1 Kh8 24.Qd4 c6 25.Rd7 Qxe5 26.Qxe5 Bxe5 27.Rxb7 Rad8 28.Re1 Rfe8 29.g3 Bd4
30.Rxe8+ Rxe8 31.b4 Re1+ 32.Kg2 Rc1 33.Bf7 g5 34.Rd7 Rd1 35.b5 cxb5 36.c6 Rc1
37.Rxd4 Rxc6 38.Be8 Rc5 39.Rd7 a5 40.Bf7 Rc3 41.Rd5 Kg7 42.Be6 Rxa3 43.Rxb5 f4
44.gxf4 gxf4 45.Rf5 Ra4 46.Kf3 Ra1 47.Kxf4 a4 48.Ra5 a3 49.Kf5 Rf1 50.f4  1-0

[Event "RUS-ch sf"]
[Site "Tula"]
[Date "1998.??.??"]
[Round "7"]
[White "Zakharevich, Igor"]
[Black "Cherniaev, Alexander"]
[Result "1-0"]
[WhiteElo "2530"]
[BlackElo "2465"]

1.d4 d6 2.c4 e5 3.Nf3 Nd7 4.Nc3 g6 5.e4 Bg7 6.Be2 Ngf6 7.O-O O-O 8.Re1 c6
9.Bf1 a6 10.d5 cxd5 11.cxd5 Ne8 12.a4 f5 13.exf5 gxf5 14.Ng5 Ndf6 15.Ne6 Bxe6
16.dxe6 Qe7 17.Bc4 Nc7 18.Bg5 Rab8 19.Qb3 Kh8 20.a5 Rfe8 21.Nd5 Ncxd5 22.Bxd5 Qf8
23.Rad1 Nxd5 24.Qxd5 Bf6 25.Bxf6+ Qxf6 26.Qxd6 Qxe6 27.Qc7 Qc6 28.Qf7 Rf8
29.Qb3 Rbe8 30.Rc1 Qd7 31.Red1 Qf7 32.Qb6 Re7 33.Rd8 Rxd8 34.Qxd8+ Kg7 35.Rc8 Rd7
36.Qh8+ Kh6 37.h3 Qg7 38.Qe8 Qe7 39.Qg8 Qf7 40.Qg3 f4 41.Qh4+ Kg6 42.Qg4+ Kf6
43.Rg8 Qd5 44.Qg5+ Ke6 45.Re8+  1-0

[Event "RUS-ch sf"]
[Site "Tula"]
[Date "1998.??.??"]
[Round "8"]
[White "Svirin, O."]
[Black "Gladyszev, Oleg"]
[Result "1/2-1/2"]
[WhiteElo "2380"]
[BlackElo "2390"]

1.Nf3 Nf6 2.c4 g6 3.Nc3 Bg7 4.e4 d6 5.d4 O-O 6.Be2 e5 7.dxe5 dxe5 8.Qxd8 Rxd8
9.Bg5 c6 10.Nxe5 Re8 11.O-O-O Na6 12.Rd6 Be6 13.f4 Nc5 14.Bf3 Nh5 15.Bxh5 gxh5
16.Nd3 Bxc3 17.Nxc5 Bb4 18.Nxb7 Bc8 19.a3 Rxe4 20.Rxc6 Bxb7 21.Rc7 Ba6 22.axb4 Rxc4+
23.Rxc4 Bxc4 24.Bf6 Rc8 25.Re1 Kf8 26.Kd2 a6 27.Re5 Rc6 28.Be7+ Kg7 29.Rxh5 Re6
30.Bc5 Bb5 31.Bd4+ f6 32.g4 Re4 33.Bc3 Rxf4 34.h3 Kg6 35.Ke3 Rf1 36.Ke4 f5+
37.Rxf5 Rxf5 38.gxf5+ Kf7 39.Ke5 Bd3 40.Kf4 Bc2 41.Kg5 Bd3 42.Kg4 Be2+ 43.Kf4 Bd3
44.Ke5 Bc4 45.Bd2 Bb5  1/2-1/2

[Event "JUG Cup"]
[Site "Ulcinj"]
[Date "1998.??.??"]
[Round "2"]
[White "Mozetic, Dejan"]
[Black "Popovic, Petar"]
[Result "1-0"]
[WhiteElo "2440"]
[BlackElo "2525"]

1.Nf3 g6 2.c4 Bg7 3.Nc3 Nf6 4.e4 d6 5.d4 O-O 6.Be2 e5 7.Be3 c6 8.d5 Ng4 9.Bg5 f6
10.Bh4 c5 11.O-O Nh6 12.Nd2 Nf7 13.Bd3 Bh6 14.Qe2 Na6 15.a3 Bd7 16.Kh1 Kg7
17.Rab1 Qe8 18.f3 f5 19.exf5 gxf5 20.g4 e4 21.gxf5 Bxf5 22.Qg2+ Bg6 23.Ndxe4 Ne5
24.Nxd6 Qd7 25.Bxg6 hxg6 26.Nce4 Bf4 27.b3 b6 28.Rbe1 Nc7 29.Bg3 Nd3 30.Rd1 Bxg3
31.hxg3 Ne5 32.Qb2 Rh8+ 33.Kg1 Rh5 34.g4 Rah8 35.gxh5 Rxh5 36.Ng3 Rg5 37.Ne4  1-0

[Event "JUG Cup"]
[Site "Ulcinj"]
[Date "1998.??.??"]
[Round "4"]
[White "Gligoric, Svetozar"]
[Black "Nevednichy, Vladislav"]
[Result "1/2-1/2"]
[WhiteElo "2480"]
[BlackElo "2550"]

1.d4 Nf6 2.c4 g6 3.Nc3 Bg7 4.e4 O-O 5.Nf3 d6 6.Be2 e5 7.O-O Nbd7 8.Re1 Re8
9.Bf1 a6 10.Rb1 exd4 11.Nxd4 c6 12.Bf4 Nc5 13.f3 Nh5 14.Be3 Be5 15.Qd2 a5
16.Rbd1 a4 17.g3 Qa5 18.Bf2 Qb4 19.Rb1 Qa5 20.Red1 f5 21.exf5 Bxf5 22.Nxf5 gxf5
23.Qc2 f4 24.g4 Ng7 25.Ne4 Nxe4 26.Qxe4 Ne6 27.Qf5 Qc7 28.Rd2 Qg7 29.Rbd1 Qc7
30.Kh1 Re7 31.g5 Rae8 32.Bh3 Rg7 33.Rg1 Qf7 34.Qxf7+ Kxf7 35.Bg4 Ke7 36.h4 c5
37.Bf5 h6 38.gxh6 Rxg1+ 39.Kxg1 Rh8 40.h7 Nf8 41.Re2 Nxh7 42.Bxh7 Rxh7 43.Bxc5 Kd7
44.Bf2 Bf6 45.Rd2 Kc6  1/2-1/2

[Event "JUG Cup"]
[Site "Ulcinj"]
[Date "1998.??.??"]
[Round "6"]
[White "Vukanovic, Sasa"]
[Black "Pavlovic, Nebojsa"]
[Result "0-1"]
[WhiteElo "2375"]
[BlackElo "2195"]

1.Nf3 Nf6 2.c4 g6 3.Nc3 Bg7 4.e4 d6 5.d4 O-O 6.Be2 e5 7.Be3 Na6 8.O-O Ng4
9.Bg5 Qe8 10.dxe5 dxe5 11.h3 h6 12.Bd2 Nf6 13.Be3 Qe7 14.a3 c6 15.b4 Nh5
16.Re1 Nf4 17.Bf1 Qf6 18.Ra2 Re8 19.Rd2 Bf8 20.Nh2 h5 21.Qf3 Nc7 22.Ne2 Nce6
23.Nxf4 Nxf4 24.Kh1 Be7 25.Qd1 a5 26.c5 axb4 27.axb4 Be6 28.Nf3 Ra3 29.Kh2 Rea8
30.g3 Bb3 31.Qc1 Nxh3 32.Bxh3 Qxf3 33.Rd7 Bf8 34.Bg2 Qg4 35.Rxb7 h4 36.gxh4 Qxh4+
37.Kg1 Be6 38.Qb2 Rxe3 39.Rxe3 Ra2  0-1

[Event "Val Thorens op"]
[Site "Val Thorens"]
[Date "1998.??.??"]
[Round "?"]
[White "Todorov, Ognjan"]
[Black "Louis, Jean Philipp"]
[Result "1-0"]
[WhiteElo "2335"]
[BlackElo "2070"]

1.Nf3 Nf6 2.c4 g6 3.Nc3 Bg7 4.e4 d6 5.d4 O-O 6.Be2 e5 7.Be3 Ng4 8.Bg5 f6
9.Bh4 h5 10.h3 Nh6 11.dxe5 dxe5 12.Qxd8 Rxd8 13.Nd5 Nd7 14.Nxc7 Rb8 15.O-O-O Nf7
16.Ne1 Nc5 17.Rxd8+ Nxd8 18.f3 Nde6 19.Nd5 Nd4 20.Kd1 f5 21.Nd3 Nxd3 22.Bxd3 Be6
23.Bg5 Kf7 24.Kd2 b6 25.Rc1 Bf8 26.Kd1 a5 27.Kd2 Bc5 28.f4 Bxd5 29.cxd5 fxe4
30.Bxe4 Bd6 31.fxe5 Bxe5 32.Kd3 Nf5 33.Rf1 Kg7 34.Bxf5 Rf8 35.Ke4 Bxb2 36.d6 Bf6
37.Bxf6+ Rxf6 38.Ke5 gxf5 39.d7 Rf8 40.Rxf5  1-0

[Event "Vantaa We EtVaS"]
[Site "Vantaa"]
[Date "1998.??.??"]
[Round "1"]
[White "Johansson, Jukka"]
[Black "Manninen, Marko"]
[Result "0-1"]
[WhiteElo "2085"]
[BlackElo "2365"]

1.d4 Nf6 2.c4 g6 3.Nc3 Bg7 4.e4 d6 5.Nf3 O-O 6.Be2 e5 7.O-O Na6 8.Re1 exd4
9.Nxd4 Re8 10.Bf1 c6 11.Nc2 Nh5 12.g4 Nf6 13.f3 h5 14.h3 Nh7 15.Kg2 Qh4 16.Bf4 Be5
17.Ne2 Ng5 18.Bxg5 Qxg5 19.Qc1 Qh4 20.Ne3 Nc5 21.Qd2 Ne6  0-1